Aktuálne problémy globalizácie vo svetovom hospodárstve
Internacionalizácia a globalizácia, sprievodné javy. Tendencie fenoménu globalizácia, hnacie sily globalizácie. Vplyv globalizácie na národné ekonomiky - hospodársky vyspelé štáty, rozvojové štáty. Medzinárodné riešenie problémov rozvojových štátov. Význam summitov. Postavenie tranzitívnych ekonomík...
Enregistré dans:
| Auteur principal: | |
|---|---|
| Autres auteurs: | |
| Format: | Chapitre de livre |
| Langue: | slovaque |
| Sujets: | |
| Tags: |
Pas de tags, Soyez le premier à ajouter un tag!
|
MARC
| LEADER | 00000naa$a2200000$$$4500 | ||
|---|---|---|---|
| 001 | 0036392 | ||
| 005 | 20221104090845.7 | ||
| 041 | 0 | |a slo | |
| 044 | |a SK | ||
| 245 | 1 | 0 | |a Aktuálne problémy globalizácie vo svetovom hospodárstve |c Ľudmila Lipková, Juraj Porubský |
| 520 | |a Internacionalizácia a globalizácia, sprievodné javy. Tendencie fenoménu globalizácia, hnacie sily globalizácie. Vplyv globalizácie na národné ekonomiky - hospodársky vyspelé štáty, rozvojové štáty. Medzinárodné riešenie problémov rozvojových štátov. Význam summitov. Postavenie tranzitívnych ekonomík v procesoch globalizácie. Antiglobalistické hnutie. | ||
| 610 | 2 | 0 | |a internacionalizácia |
| 610 | 2 | 0 | |a globalizácia |
| 610 | 2 | 0 | |a definície |
| 610 | 2 | 0 | |a hospodárstvo svetové |
| 610 | 2 | 0 | |a krajiny vyspelé |
| 610 | 2 | 0 | |a krajiny rozvojové |
| 610 | 2 | 0 | |a hospodárstvo národné |
| 610 | 2 | 0 | |a chudoba |
| 610 | 2 | 0 | |a vzdelanie |
| 610 | 2 | 0 | |a úmrtnosť |
| 610 | 2 | 0 | |a zdravie |
| 610 | 2 | 0 | |a prostredie životné |
| 610 | 2 | 0 | |a krajiny tranzitívne |
| 100 | 1 | |a Lipková, Ľudmila | |
| 700 | 1 | |a Porubský, Juraj | |